000 01719nam a22004337a 4500
003 CHAP
005 20220329143218.0
008 070228d2007 mx ad r 00110 spa d
010 _a93363
011 _a94335
035 _a104922
040 _cCHAP
090 _aTesis
100 1 _aPérez Montalvo, Alberto.
_989858
245 1 0 _aFormación de investigadores en desarrollo agroalimentario. Propuesta de doctorado en la UAEMOR
_c/por Alberto Pérez Montalvo
260 _aChapingo, Méx. :
_bEl autor,
_c2007
300 _a213 h. :
_bilus. ; gráfs. ; cuadros
502 _aTesis (Dr. en Ciencias en Educación Agrícola Superior) -- UACH. Departamento de Sociología Rural
530 _aTambién disponible en línea
590 _aALEPH
_b10
_c20130110
_lUCH01
_h1517
590 _aBATCH-UPD
_b10
_c20130110
_lUCH01
_h0756
590 _aBATCH-UPD
_b10
_c20130410
_lUCH01
_h0435
590 _aBATCH-UPD
_b10
_c20130914
_lUCH01
_h0212
590 _aBATCH-UPD
_b10
_c20140324
_lUCH01
_h1501
590 _aBATCH-UPD
_b10
_c20140805
_lUCH01
_h1148
590 _aBATCH-UPD
_b10
_c20141002
_lUCH01
_h0833
590 _aCONVERSION
_b10
_c20130109
_lUCH01
_h1352
650 1 4 _aAgricultura
_xInvestigación.
_91577
650 1 4 _aAlimentos
_xInvestigación.
_94240
650 1 4 _aCiencia
_xEstudio y enseñanza.
_923118
650 1 4 _aEducación agrícola
_xInvestigación.
_935529
650 1 4 _aProductos agrícolas.
_991896
856 _3Finding aid
_uhttp://10.13.5.2/tesis/104922.pdf
_zTeclea aqui
901 _aBK
905 _aMarco A. Medoza T.
942 _cFOLL
949 _aTesis
_bBC
_cTES
_d33724002018347
_eTS1
_gDonaciØn
_h46519
_i104922
_sb
949 _aTesis
_bBC
_cTES
_d33724002018355
_eTS2
_fc.2
_gDonaciØn
_h46520
_i104922
_sb
999 _c93363
_d93363